000 00397nam a22001457a 4500
005 20160108110418.0
008 160108b xxu||||| |||| 00| 0 eng d
040 _cPK-LaUMT
082 _aMMC 901.9
_bWIL-T
100 _aول ڈیورانٹ
245 _aتاریخ کیا سکھاتی ہے؟
_cول ڈیورانٹ
260 _aلاہور
_bتخلیقات
_c2004
300 _a136 ص
942 _cBK
999 _c81270
_d81270